000 00903nam a22002297a 4500
999 _c6494
_d6494
003 AR-CdUCM
008 190318b ||||| |||| 00| 0 spa d
020 _a84-02-06775-1
040 _aMUNICIPALIDAD PROVINCIAL DEL CUSCO
_cBIBLIOTECA MUNICIPAL DEL CUSCO
082 _a940.53 /
_bZ67
100 _aZentner, Kurt
_918321
245 _aEl tercer reich /
260 _aBarcelona :
_bBruguera,
_c1980.
300 _a3.t.
_c27 cm.
440 _aGrandes guerras de nuestro tiempo
_n3
_918397
505 _aContenido :t.1. La subida al poder -- Ideología -- Organización del estado -- Organización de la economía -- Influencia sobre opinión y propaganda .. t.2. Organización del estado -- El camino hacia el gran reich alemán.
650 _aGuerra Mundial, 1939-1945
_918335
650 _aMovimientos nasi
_918379
650 _aSegunda guerra mundial
_93486
942 _2ddc
_cLIBROS
945 _arum